000 00439nam a2200181Ia 4500
005 20240823055807.0
008 240823s9999||||xx |||||||||||||| ||und||
041 _aTAMIL
082 _A932.242 Q4
100 _aNalli Kuppuswami Chettiar
245 0 _aSila Sinthanaigal Sila Ninaivugal
250 _a1st
260 _c2014
_bSri Puvaneswari Pathi
500 _aYES
650 _aTamil Book
_bGeneral
942 _cBK
999 _c229620
_d229620